|
|
|
|
| LEADER |
00000nab a2200000 a 4500 |
| 001 |
vtls010027225 |
| 003 |
SK-MaSNL |
| 005 |
20260304013322.0 |
| 008 |
140328c2009 xo zr|p|||||||000 b|slo |
| 015 |
|
|
|a SNBRB2009/12
|2 snkbucl
|
| 038 |
|
|
|a SNKBUCL
|
| 040 |
|
|
|a SNKBUCL
|b slo
|c SNKBUCL
|e AACR2
|
| 041 |
0 |
|
|a slo
|b eng
|
| 044 |
|
|
|a xo
|c SK
|
| 080 |
|
|
|a 7.05(460):061.4
|x (450)
|2 2001
|
| 080 |
|
|
|a 658.512.2
|x (460)
|2 2001
|
| 100 |
1 |
|
|a Salvová, Anna
|4 aut
|9 364933
|
| 245 |
1 |
0 |
|a Dizajn s veľkým M
|c Anna Salvová
|
| 300 |
|
|
|b Fotogr.
|
| 500 |
|
|
|a (Proyecto Abecedario DesigM con M de Madrid)
|
| 546 |
|
|
|a Res. angl.
|
| 648 |
|
7 |
|a 2009
|2 snkbucl
|9 320114
|
| 650 |
0 |
7 |
|a španielsky dizajn
|2 snkbucl
|9 1294167
|
| 650 |
0 |
7 |
|a výstavy
|2 snkbucl
|9 2780
|
| 651 |
|
7 |
|a Madrid (Španielsko)
|2 snkbucl
|9 16057
|
| 651 |
|
7 |
|a Miláno (Taliansko)
|2 snkbucl
|9 17071
|
| 773 |
0 |
|
|t ASB
|g Roč. XVI, č. 11 (2009), s. 66-68
|x 1335-1230
|
| 852 |
|
|
|a SNK
|b KIS3GCP
|
| 958 |
|
|
|a ES
|
| 958 |
|
|
|a IT
|
| 999 |
|
|
|c 2575294
|d 2577224
|